| 000 | 00746nam a22002657a 4500 | ||
|---|---|---|---|
| 003 | URS | ||
| 005 | 20250828100517.0 | ||
| 008 | 250320b ||||| |||| 00| 0 eng d | ||
| 020 | _a9781526431745 | ||
| 040 | _cURS | ||
| 050 |
_aLB2805 _b.P935 2019 |
||
| 100 |
_911455 _aBell, Les |
||
| 245 | _aPrinciples of Educational Leadership and Management | ||
| 264 |
_aLos Angeles _bSAGE _c©2019 |
||
| 300 | _a408 pages.,: | ||
| 336 |
_2rdacontent _atext |
||
| 337 |
_2rdamedia _aunmediated |
||
| 338 |
_2rdacarrier _avolume |
||
| 650 | 0 |
_91383 _aSchool management and organization |
|
| 650 | 0 |
_91375 _aEducational leadership |
|
| 650 | 0 |
_9186 _aEducation |
|
| 700 |
_911448 _aBush, Tony |
||
| 700 |
_911456 _aMiddlewood, David |
||
| 942 |
_2lcc _cR |
||
| 999 |
_c85116 _d85114 |
||